Everyone's a winner (Record no. 118451)

MARC details
000 -LEADER
fixed length control field 01028cam a2200241 4500
001 - CONTROL NUMBER
control field ABS68553
008 - FIXED-LENGTH DATA ELEMENTS--GENERAL INFORMATION
fixed length control field 041215n2004 000 0 eng u
035 ## - SYSTEM CONTROL NUMBER
System control number (Sirsi) u128312
100 ## - MAIN ENTRY--PERSONAL NAME
Personal name Rouse, J.
245 ## - TITLE STATEMENT
Title Everyone's a winner
260 ## - PUBLICATION, DISTRIBUTION, ETC.
Date of publication, distribution, etc. 2004
490 ## - SERIES STATEMENT
Series statement Building
Volume/sequential designation 269(8360) 3 December 2004, 31(1)
520 ## - SUMMARY, ETC.
Summary, etc. Examines the effect of the Housing Bill and the new powers to make social housing grants to a wider range of bodies, including housebuilders and developers. The Housing Corporation will test these new powers for the first time next year in a £200m pilot programme. The Corporation now has two funding options for social housing, its traditional power to invest in housing associations and its new ability to support unregistered bodies.
590 ## - LOCAL NOTE (RLIN)
Local note ABS
590 ## - LOCAL NOTE (RLIN)
Local note ABS
650 ## - SUBJECT ADDED ENTRY--TOPICAL TERM
Topical term or geographic name entry element HOUSING BILL
650 ## - SUBJECT ADDED ENTRY--TOPICAL TERM
Topical term or geographic name entry element HOUSING CORPORATION
650 ## - SUBJECT ADDED ENTRY--TOPICAL TERM
Topical term or geographic name entry element SOCIAL HOUSING
650 ## - SUBJECT ADDED ENTRY--TOPICAL TERM
Topical term or geographic name entry element PRIVATE FINANCE
650 ## - SUBJECT ADDED ENTRY--TOPICAL TERM
Topical term or geographic name entry element REGIONAL HOUSING STRATEGIES
690 ## - LOCAL SUBJECT ADDED ENTRY--TOPICAL TERM (OCLC, RLIN)
Topical term or geographic name as entry element HOUSING-SOCIAL HOUSING
942 ## - ADDED ENTRY ELEMENTS (KOHA)
Suppress in OPAC 0
Holdings
Withdrawn status Lost status Source of classification or shelving scheme Damaged status Not for loan Home library Current library Shelving location Date acquired Total Checkouts Full call number Barcode Date last seen Copy number Price effective from Koha item type
    Dewey Decimal Classification     London London Journal article 15/12/2004   ABS68553 128312-1001 06/08/2019 1 06/08/2019 Journal article